Statistics for Count as High as You Can in Binary - 15 Second Sprint

Click here to take the quiz!

General Stats

  • This quiz has been taken 169 times
  • The average score is 14 of 28

Answer Stats

#% Correct
1
100%
10
97%
11
96%
100
90%
101
90%
110
87%
111
87%
1000
84%
1001
80%
1010
77%
1011
71%
1100
64%
1101
59%
1110
47%
1111
44%
10000
37%
10001
31%
10010
24%
10011
20%
10100
20%
10101
20%
10110
17%
10111
17%
11000
17%
11001
17%
11010
17%
11011
17%
11100
17%

Score Distribution

Percentile by Number Answered

Percent of People with Each Score

Your Score History

You have not taken this quiz